Municípios da Região Metropolitana do Vale do Aço (MG) no mapa - Statistics

Estatísticas Gerais
  • Esse quiz foi jogado 87 vezes
  • A pontuação média é 9 de 28
Respostas no mapa
Respostas codificadas por cores de uma escala verde-vermelha no mapa do quiz de acordo com a % correta abaixo.
 
Estatísticas das Respostas
Município % Correto
Ipatinga
96%
Timóteo
78%
Coronel Fabriciano
69%
Caratinga
53%
Belo Oriente
40%
Antônio Dias
36%
Santana do Paraíso
36%
Ipaba
31%
Mesquita
31%
Açucena
29%
Bom Jesus do Galho
29%
Naque
29%
Periquito
29%
Iapu
27%
Jaguaraçu
27%
Bugre
24%
Dionísio
24%
Dom Cavati
24%
Joanésia
24%
São João do Oriente
24%
Vargem Alegre
24%
Braúnas
22%
Córrego Novo
22%
Entre Folhas
22%
Pingo-d'Água
22%
São José do Goiabal
22%
Marliéria
20%
Sobrália
16%
Nenhum quiz correspondente encontrado
Distribuição das Pontuações
Porcentagem de Pessoas com Cada Pontuação
Percentil de Números Respondidos
Sua Pontuação Histórica
Você não jogou esse quiz